Mennyit költött a város az egyetemi építkezésekre még 268 ezer pengővel tartozik a közgyűlés által megszavazott hozzájárulásból : a kultuszminisztériumnak még fel kell építenie a Templom-téri D-épületet és az elmeklinikát

Elmentve itt :
Bibliográfiai részletek
Dokumentumtípus: Cikk
Megjelent: 1931-04-26
Sorozat:Délmagyarország 7 No. 94
Kulcsszavak:Városfejlesztés Szeged 1931
Online Access:http://dmarchiv.bibl.u-szeged.hu/59861
LEADER 00633nab a2200145 i 4500
001 delm59861
005 20180927144600.0
008 180927s1931 hu o 0|| hun d
040 |a SZTE Délmagyarország Archívum  |b hun 
041 |a hun 
245 0 0 |a Mennyit költött a város az egyetemi építkezésekre   |h [elektronikus dokumentum] :  |b még 268 ezer pengővel tartozik a közgyűlés által megszavazott hozzájárulásból : a kultuszminisztériumnak még fel kell építenie a Templom-téri D-épületet és az elmeklinikát 
260 |c 1931-04-26 
300 |a 3 
490 0 |a Délmagyarország  |v 7 No. 94 
695 |a Városfejlesztés Szeged 1931